| 000 | 00564nab#a2200205#c#4500 | ||
|---|---|---|---|
| 999 |
_c121953 _d121953 |
||
| 003 | IEF | ||
| 005 | 20191210181956.0 | ||
| 008 | 950704s1975 uuu|| #####0 b| |u | ||
| 040 |
_aIEF _cES-MaIEF |
||
| 100 | 1 |
_aLindahl, Erik Robert _925996 |
|
| 245 |
_aAlgunas cuestiones debatibles en la teoría de la imposición _c Erik Lindahl |
||
| 260 | _c1975 | ||
| 500 | _aBibliografía | ||
| 650 | 4 |
_aIMPUESTOS _947460 |
|
| 650 | 4 |
_aTEORIAS _948553 |
|
| 773 | 0 |
_tHacienda pública española _w34570 _g36, p. 314-327 |
|
| 942 | _2udc | ||
| 942 | _2udc | ||